000
00194 a2200097 4500
001
2603
100
_a
Burns, J.M.
245
_a
Roosevelt
260
_a
_b
Harcourt, Brau
_c
090
_c
1900
_d
1900
942
_a
NUST-CAE
_c
M
_c
10003
999
_c
237676
_d
237676